000 00420nam a2200169Ia 4500
001 3838
003 IN-NITTTR
005 20251114232951.0
008 251113s9999||||xx |||||||||||||| ||eng||
040 _beng
040 _cIN-NITTTR
041 _aeng
082 _a681.2 M781T
100 _aMoore, Mark B.
245 0 _aTheory and application of mechanical engineering measurements /
_cMoore, Mark B.
942 _2ddc
_cBK
999 _c6168
_d6168